000 01534ctm a2200313 i 4500
003 SA-RiAUC
005 20251215135843.0
008 251203s1977 su f m 00000dara c
040 _aSA-RiAUC
_bara
_cSA-RiAUC
_erda
082 0 4 _a251.12
090 _aر 251.17
_bا ب و ع
100 1 _aابو عمشة؛ محمد مفيد
_eمؤلف.
245 1 0 _aأفعال الرسول صلى الله عليه وسلم وتقريراته ودلالتها على الأحكام الشرعية /
_cإعداد محمد مفيد ؛ إشراف أحمد فهمي أبو سنة.
264 0 _c1977
300 _a165 ورقة ؛
_c30 سم
336 _aنص
_btxt
_2rdacontent
_3أطروحة
337 _aبدون وسيط
_bn
_2rdamedia
338 _aمجلد
_bnc
_2rdacarrier
500 _aإشراف : أحمد فهمي أبو سنة.
500 _aأطروحة (ماجستير)-جامعة الملك عبد العزيز، كلية الشريعة، قسم أصول الفقه، 1397 هجري.
502 _aأطروحة (ماجستير)-جامعة الملك عبد العزيز، كلية الشريعة، قسم أصول الفقه، 1397 هجري.
600 0 7 _aمحمد (صلى الله عليه وسلم)،
_d53 قبل الهجرة-11 هجري
_2aucnm
650 7 _aأصول الفقه الإسلامي
_2aucsh
650 7 _aالسنة
_2aucsh
650 7 _aالحديث
_xأحكام
_2aucsh
700 _aابو سنة،أحمد فهمي.
_eمشرفا
942 _2ddc
_cTHESES
_n0
949 _aSA-JeALM
_d251203
_umohamedma123
_n1
999 _c13550
_d13550